000 00626nam a2200253Ia 4500
003 OSt
005 20221007064329.0
006 a|||||r|||| 00| 0
007 ta
008 221006b |||||||| |||| 00| 0 eng d
024 _a3,997
037 _cTextual
040 _aFLL
_cFLL
_beng
041 _2eng
_aeng
082 _aZ2,5, N3
100 _aRatanlal
245 0 _aLaw of crimes
250 _a23rd
260 _aDelhi
_bBharat law house India
_c1993
650 _aLaw of crimes
_9681770
700 _a Dhirajlal
942 _hZ2,5, N3
_cTEXL
_2CC
999 _c1133731
_d1133731